| 000 | 00543nam a22001697a 4500 | ||
|---|---|---|---|
| 005 | 20251108173707.0 | ||
| 008 | 250721s2006 xx 000 0 ara d | ||
| 082 | 1 | 4 | _a218.51/شاو |
| 100 | 1 | _aالشاوي، محمد سمير | |
| 245 | 1 | 0 | _aعلم الخطابة : طريقة تعلم الخطابة مع ذكر أشهر خطب التاريخ / |
| 264 | 1 |
_aدمشق : _bدار العصماء، _c2006. |
|
| 300 | _a190ص. | ||
| 650 | 1 | 7 | _aالخطابه |
| 650 | 1 | 7 | _aالوعظ والارشاد |
| 942 |
_2ddc _cBK |
||
| 999 |
_c110135 _d110135 |
||